Mémoires biographiques et littéraires / (Record no. 159342)

MARC details
000 -LEADER
campo de control de longitud fija 01023nam a22002175i 4500
001 - NÚMERO DE CONTROL
campo de control 159342
003 - IDENTIFICADOR DE NÚMERO DE CONTROL
campo de control ES-MaACL
005 - FECHA Y HORA DE LA ÚLTIMA TRANSACCIÓN
campo de control 20230906211542.0
008 - DATOS DE LONGITUD FIJA--INFORMACIÓN GENERAL
campo de control de longitud fija 040913s1881 fr |||| | fre d
040 ## - FUENTE DE CATALOGACIÓN
Centro catalogador/agencia de origen CAM
Lengua de catalogación spa
Centro/agencia transcriptor CAM
245 00 - MENCIÓN DEL TÍTULO
Título Mémoires biographiques et littéraires /
Mención de responsabilidad, etc. avec introduction, notices et notes par M. de Lescure.
260 ## - PUBLICACIÓN, DISTRIBUCIÓN, ETC.
Lugar de publicación, distribución, etc. Paris :
Nombre del editor, distribuidor, etc. Librairie de Firmin-Didot et c\pie\s,
Fecha de publicación, distribución, etc. 1881.
300 ## - DESCRIPCIÓN FÍSICA
Extensión XVIII, 299 p. ;
Dimensiones 19 cm.
490 1# - MENCIÓN DE SERIE
Mención de serie Bibliothèque des mémoires relatifs a l'histoire de France pendant le 18e siècle ;
Designación de volumen o secuencia 37.
Mención de serie Nouvelle série. 9
505 8# - NOTA DE CONTENIDO CON FORMATO
Nota de contenido con formato Contiene: Mémoires de Duclos, Florian, Mme Suard, Corancez
598 ## - NOTA LOCAL
Nota local Serie consta en antep. y nº 9 de la parte de serie tomado de pie de página y de final del texto.
700 01 - ENTRADA AGREGADA--NOMBRE PERSONAL
Nombre de persona Lescure, Adolphe Mathurin de.
9 (RLIN) 71831
830 0# - PUNTO DE ACCESO ADICIONAL DE SERIE-TÍTULO UNIFORME
Título uniforme Bibliothèque des mémoires relatifs a l'histoire de France pendant le 18e siècle ;
Designación de volumen o secuencia 37.
Título uniforme Nouvelle série. 9
9 (RLIN) 221925
852 ## - LOCALIZACIÓN
Ubicación ES-MaACL
Número de control de estantería F-5869
Nota libre -- Sin enc.
Holdings
Estatus retirado Estado de pérdida Estado de daño No para préstamo Colección Biblioteca de origen Biblioteca actual Ubicación en estantería Fecha de adquisición Fuente de adquisición Total de préstamos Signatura topográfica completa Código de barras Visto por última vez Precio de reemplazo Tipo de ítem Koha
        Libros del s. XIX Biblioteca del Ateneo de Madrid Biblioteca del Ateneo de Madrid Depósito 2 17/01/2008     F-5869 1166808 23/02/2023 23/02/2023 Libro impreso antiguo